000 00895nmm a2200277 a 4500
001 ocm0001083898
003 TR-IsHL
005 20201028151726.0
008 150709s2014 tu tur
007 cr cn
035 _a1083898
_b(N$T)
050 0 4 _aPZ44
_b.B37 2014
090 0 4 _aPZ44
_b.B37 2014
100 1 _aCollodi, Carlo
245 1 0 _aPinokyo
_h[electronic resource] /
_cCarlo Collodi ; editör Öykü Zerrem ; kapak ve iç resimler Kenan Tunca
260 _aİstanbul :
_bPolat Kitapçılık,
_c2014
300 _a80 p.
650 4 _aDil ve Edebiyat
650 4 _aLanguage and Literature
650 0 _aMasallar, İtalyan
650 0 _aFairy tales
_xItaly
650 7 _aJUVENILE FICTION / General
_2bisacsh
700 1 _aZerrem, Öykü
700 1 _aTunca, Kenan
856 4 0 _uhttp://search.ebscohost.com/login.aspx?direct=true&scope=site&db=e011xww&AN=1083898
999 _c11155
_d11155